Wymień stację na każdą literę w grze SCR Roblox - Statystyki

Ogólne statystyki
  • Ten quiz został rozwiązany 23 razy
  • Średni wynik to 12 z 17
Statystyki odpowiedzi
Litera Stacja % Poprawnych
A Aslockby, Angel Pass, Airport West, Airport Central, Airport Parkway, Ashlan Park
94%
B Bodin, Beechley, Barton, Benton, Benton Bridge, Berrily, Beaulieu Park
94%
S Starryloch, Stepford Victoria, Stepford Central, Stepford East, St Helens Bridge, Stepford UFC
94%
C Carnelea Bridge, Cambridge Street Parkway, Coxly, Coxly Newton, City Hospital, Connolly
89%
F Financial Quarter, Faymere, Farleigh, Faraday Road, Four Ways
89%
W Westercoast, Westwyvern, Whitney Green, Willofield, Water Newton, Whitefield, Whietfield Lido, Woodhead Lane, West Benton
89%
E Elsemere Junction, Elsemere Pond, Eden Quay, Esterfield, Edgemead, East Berilly
83%
N Newry, Newry Harbour, Northshore, New Harrow
83%
L Leighton Stepford Road, Leighton City, Leighton West, Llyn By The Sea
78%
M Milcastle, Milcastle Racecourse, Morganstown, Morganstown Docks
78%
H Hemdon Park, Houghton Rake, Hampton Hargate, High Street
67%
P Port Benton
67%
T Terminal 1, Terminal 2, Terminal 3
61%
R Rosedale Village, Rocket Parade
50%
U Upper Staploe
44%
G Greenslade
39%
J James Street
39%
Nie znaleziono quizów pasujących do podanych kryteriów
Rozkład punktacji
Procent ludzi z każdym wynikiem
Percentyl według liczby udzielonych odpowiedzi
Twoja historia wyników
Nie rozwiązałeś tego quizu